[Event "AUTO-BEG-173"]
[Site "http://www.queenalice.com/game.php?id=335066"]
[Date "2008.1.12"]
[Round "1"]
[White "rodolphoalmeida"]
[Black "ramy"]
[Result "0-1"]
[WhiteElo "1023"]
[BlackElo "1239"]

1. e4 e5 2. Nf3 Nc6 3. Bc4 Bc5 4. O-O Nf6 5. d3 h6 6. Nc3 O-O 7. Na4 Bd4 8. c3
Bb6 9. d4 exd4 10. cxd4 Nxe4 0-1

[Event "AUTO-BEG-174"]
[Site "http://www.queenalice.com/game.php?id=337008"]
[Date "2008.1.15"]
[Round "1"]
[White "polakinho"]
[Black "rodolphoalmeida"]
[Result "1-0"]
[WhiteElo "1266"]
[BlackElo "958"]

1. e4 e5 2. Nh3 Nf6 3. Bc4 Bc5 4. c3 O-O 5. Qb3 Qe8 6. O-O c6 7. d3 d5 8. d4
exd4 9. cxd4 Bxd4 10. Bd3 dxe4 11. Bc4 b5 12. Be2 Be6 13. Ng5 Bxb3 14. axb3 Na6
15. Rxa6 Qc8 16. Ra3 b4 17. Ra5 Qc7 18. Rf5 g6 19. Rf4 Rfe8 20. Bc4 Nd5 21. Nc3
Nxf4 22. Bxf7+ Kg7 23. Kh1 1-0

[Event "AUTO-BEG-174"]
[Site "http://www.queenalice.com/game.php?id=337009"]
[Date "2008.1.15"]
[Round "1"]
[White "rodolphoalmeida"]
[Black "polakinho"]
[Result "0-1"]
[WhiteElo "954"]
[BlackElo "1276"]

1. e4 e5 2. Nf3 Nc6 3. Bc4 Bc5 4. O-O Nge7 5. Ng5 O-O 6. Nc3 h6 7. Nf3 a6 8. d3
b5 9. Bb3 b4 10. Na4 Ba7 11. a3 d5 12. axb4 Nxb4 13. Nxe5 dxe4 14. dxe4 Bb7 15.
c3 Nbc6 16. Nd3 Ng6 17. Qf3 Nh4 18. Qg4 Ne5 19. Qd1 Qf6 20. Nac5 Rab8 21. Re1
Qg6 0-1

[Event "AUTO-BEG-174"]
[Site "http://www.queenalice.com/game.php?id=337023"]
[Date "2008.1.15"]
[Round "1"]
[White "rodolphoalmeida"]
[Black "samuelrmgs"]
[Result "0-1"]
[WhiteElo "1053"]
[BlackElo "1237"]

1. e4 Nf6 2. Nc3 e5 3. Nf3 Nc6 4. Bc4 Bb4 5. a3 Bxc3 6. bxc3 Ng4 7. O-O Ne7 8.
d3 Ng6 9. Bg5 f6 10. Bd2 Qe7 0-1

[Event "AUTO-BEG-175"]
[Site "http://www.queenalice.com/game.php?id=339152"]
[Date "2008.1.19"]
[Round "1"]
[White "alisson124"]
[Black "rodolphoalmeida"]
[Result "1-0"]
[WhiteElo "1185"]
[BlackElo "1023"]

1. e4 e5 2. d3 Nf6 3. Nc3 Bc5 4. Nd5 Nxd5 5. Be3 Nxe3 6. fxe3 Bxe3 7. c4 d6 8.
b4 Be6 9. Rb1 Nc6 10. a4 O-O 11. a5 b6 12. Nf3 Rb8 13. axb6 axb6 14. c5 dxc5 15.
bxc5 1-0

[Event "AUTO-BEG-175"]
[Site "http://www.queenalice.com/game.php?id=339153"]
[Date "2008.1.19"]
[Round "1"]
[White "rodolphoalmeida"]
[Black "alisson124"]
[Result "0-1"]
[WhiteElo "1013"]
[BlackElo "1195"]

1. e4 e5 2. Nf3 d6 3. Bc4 Be6 4. Be2 Nc6 5. d3 Qd7 6. Be3 O-O-O 7. Nc3 h5 8. O-O
Rh6 9. Bxh6 gxh6 10. Qd2 Nf6 11. a4 Ng4 12. Nh4 Nd4 13. Nb5 Nf6 14. Nxa7+ Kb8
15. Nb5 Qc6 0-1

[Event "AUTO-BEG-175"]
[Site "http://www.queenalice.com/game.php?id=339170"]
[Date "2008.1.19"]
[Round "1"]
[White "rodolphoalmeida"]
[Black "Tanatos"]
[Result "0-1"]
[WhiteElo "1033"]
[BlackElo "1216"]

1. e4 Nf6 2. Nc3 d6 3. Bc4 e6 4. d3 d5 5. exd5 exd5 6. Bb3 Bb4 7. a3 Bxc3+ 8.
bxc3 d4 9. cxd4 O-O 10. Nf3 Bg4 11. O-O Nd5 12. c4 Nc3 13. Qd2 Bxf3 14. gxf3
Qxd4 15. Bb2 Qb6 0-1

[Event "AUTO-BEG-175"]
[Site "http://www.queenalice.com/game.php?id=339171"]
[Date "2008.1.19"]
[Round "1"]
[White "Tanatos"]
[Black "rodolphoalmeida"]
[Result "1-0"]
[WhiteElo "1049"]
[BlackElo "1201"]

1. e4 e5 2. d4 Nc6 3. d5 Nd4 4. c3 Nb5 5. Bxb5 c6 6. dxc6 bxc6 7. Bc4 Nf6 8. Bg5
Be7 9. Bxf6 Bxf6 10. Nf3 O-O 11. O-O Rb8 12. h4 Rxb2 13. Ng5 Rb6 14. Qh5 g6 15.
Qxh7# 1-0

[Event "Let me play better"]
[Site "http://www.queenalice.com/game.php?id=339500"]
[Date "2008.1.21"]
[Round "-"]
[White "rodolphoalmeida"]
[Black "TheArgies"]
[Result "0-1"]
[WhiteElo "1087"]
[BlackElo "1198"]

1. e4 e5 2. Nf3 Nc6 3. Bc4 Nh6 4. d3 d5 5. Bxd5 Nd4 6. Nxd4 exd4 7. Bf4 Bg4 8.
f3 Be6 9. O-O Qh4 10. g3 Qf6 0-1

[Event "Let's Play Chess!"]
[Site "http://www.queenalice.com/game.php?id=340229"]
[Date "2008.1.22"]
[Round "-"]
[White "Groomi"]
[Black "rodolphoalmeida"]
[Result "1-0"]
[WhiteElo "1309"]
[BlackElo "1139"]

1. e4 e5 2. d4 Nc6 3. d5 Nce7 4. Nf3 d6 5. Nc3 Nf6 6. Bb5+ c6 7. dxc6 bxc6 8.
Ba4 Bd7 9. O-O d5 10. Nxe5 Be6 11. Nxc6 Nxc6 12. Bxc6+ Bd7 13. Bxa8 Qxa8 14.
exd5 Bc5 15. Re1+ Kd8 16. d6 Bxd6 17. Qxd6 Nh5 18. Qe7+ Kc8 19. Re5 Nf6 20. Bf4
Nd5 21. Rxd5 Qb7 22. Rc5+ Bc6 23. Qd6 Rd8 24. Rxc6+ Qxc6 25. Qxc6# 1-0

[Event "AUTO-BEG-176"]
[Site "http://www.queenalice.com/game.php?id=341098"]
[Date "2008.1.22"]
[Round "1"]
[White "Groomi"]
[Black "rodolphoalmeida"]
[Result "1-0"]
[WhiteElo "1277"]
[BlackElo "1247"]

1. d4 Nc6 2. d5 Ne5 3. f4 Ng6 4. e4 e6 5. dxe6 fxe6 6. e5 d6 7. g3 Be7 8. Qh5
Bd7 9. Nf3 d5 10. Bd3 c6 11. Bxg6+ Kf8 12. Nc3 h6 13. Nd4 Be8 14. Nxe6# 1-0

[Event "AUTO-BEG-176"]
[Site "http://www.queenalice.com/game.php?id=341099"]
[Date "2008.1.22"]
[Round "1"]
[White "rodolphoalmeida"]
[Black "Groomi"]
[Result "0-1"]
[WhiteElo "1020"]
[BlackElo "1514"]

1. e4 c6 2. Bc4 e6 3. Be2 d5 4. d3 dxe4 5. dxe4 Qxd1+ 6. Bxd1 Na6 7. Nc3 Nc5 8.
Nf3 Nf6 9. e5 Nd5 10. O-O Be7 11. Re1 b6 12. b4 Nxb4 13. Ba3 a5 14. Rb1 Nd7 15.
Na4 b5 16. Nc3 O-O 17. Be2 Bc5 18. Ng5 Nxc2 19. Red1 Nxa3 20. Rbc1 Nxe5 21. Nce4
Bb6 22. Nd6 h6 23. Nge4 Bc7 0-1